24H architecture : (Record no. 8659)

MARC details
000 -LEADER
fixed length control field 00926nac a22002651u 4500
003 - CONTROL NUMBER IDENTIFIER
control field EG-ScBUE
005 - DATE AND TIME OF LATEST TRANSACTION
control field 20221109040926.0
008 - FIXED-LENGTH DATA ELEMENTS--GENERAL INFORMATION
fixed length control field 221109s2007 vraae f b 000 0 eng d
020 ## - INTERNATIONAL STANDARD BOOK NUMBER
International Standard Book Number 9781920744847 (hbk.)
040 ## - CATALOGING SOURCE
Original cataloging agency EG-ScBUE
Language of cataloging eng
Description conventions rda
Transcribing agency EG-ScBUE
Modifying agency EG-ScBUE
043 ## - GEOGRAPHIC AREA CODE
Geographic area code e-ne---
082 04 - DEWEY DECIMAL CLASSIFICATION NUMBER
Classification number 720.9492
Item number ZEI
Edition number 22
100 1# - MAIN ENTRY--PERSONAL NAME
Personal name Zeisser, Boris,
Relator term author.
245 10 - TITLE STATEMENT
Title 24H architecture :
Remainder of title neo architecture.
246 3# - VARYING FORM OF TITLE
Title proper/short title Twenty-four architecture :
Remainder of title neo architecture
264 #1 - PUBLICATION, DISTRIBUTION, ETC. (IMPRINT)
Place of publication, distribution, etc Mulgrave, Victoria :
Name of publisher, distributor, etc Images Publishing Group,
Date of publication, distribution, etc 2007.
300 ## - PHYSICAL DESCRIPTION
Extent 124 pages :
Other physical details illustrations (chiefly color), plans ;
Dimensions 27 cm
504 ## - BIBLIOGRAPHY, ETC. NOTE
Bibliography, etc Includes bibliographical references.
650 #7 - SUBJECT ADDED ENTRY--TOPICAL TERM
Topical term or geographic name as entry element Architecture
Geographic subdivision Netherlands.
Source of heading or term BUEsh
650 #7 - SUBJECT ADDED ENTRY--TOPICAL TERM
Topical term or geographic name as entry element Space (Architecture)
Geographic subdivision Netherlands.
Source of heading or term BUEsh
650 #7 - SUBJECT ADDED ENTRY--TOPICAL TERM
Topical term or geographic name as entry element Sustainable architecture
Geographic subdivision Netherlands.
Source of heading or term BUEsh
653 ## - INDEX TERM--UNCONTROLLED
Resource For college Engineering, Architecture
655 ## - INDEX TERM--GENRE/FORM
Form subdivision Reading book
9 (RLIN) 34232
942 ## - ADDED ENTRY ELEMENTS (KOHA)
Koha item type Book - Borrowing
Source of classification or shelving scheme Dewey Decimal Classification
Holdings
Withdrawn status Lost status Source of classification or shelving scheme Damaged status Not for loan Collection code Home library Current library Shelving location Date acquired Source of acquisition Cost, normal purchase price Serial Enumeration / chronology Total Checkouts Total Renewals Full call number Barcode Date last seen Date checked out Koha item type
    Dewey Decimal Classification     Alahram Central Library Central Library Second Floor 08/03/2017 Purchase 409.00 6486 4 8 720.9492 ZEI 000010581 15/07/2025 03/04/2017 Book - Borrowing